|
|
|
|
| LEADER |
00000nab a2200000 a 4500 |
| 001 |
vtls000742508 |
| 003 |
SK-MaSNL |
| 005 |
20260302193659.0 |
| 008 |
180206c2000 xo 0 slo |
| 015 |
|
|
|a SNBRB2001/01-01453
|
| 035 |
|
|
|a CLN000094346
|
| 040 |
|
|
|a SNKBUCL
|b slo
|c SNKBUCL
|e AACR2
|
| 041 |
0 |
|
|a slo
|
| 044 |
|
|
|a xo
|c SK
|
| 080 |
|
|
|a 338.5(437.6)
|2 UDC-MRF-SK2
|
| 080 |
|
|
|a 338.23(437.6):338.5
|2 UDC-MRF-SK2
|
| 100 |
1 |
|
|a Šelestiaková, Katarína
|4 aut
|9 839103
|
| 245 |
1 |
0 |
|a Vláda odklepla vyššie ceny od februára
|c Katarína Šelestiaková
|
| 300 |
|
|
|b Fotogr., tab.
|
| 650 |
0 |
7 |
|a ceny
|x politika cenová
|z Slovensko
|2 snkbucl
|9 855191
|
| 650 |
0 |
7 |
|a cenová politika
|2 snkbucl
|9 2111
|
| 655 |
|
7 |
|a články z novín a časopisov
|2 snkbucl
|9 267496
|
| 773 |
0 |
|
|t Národná obroda
|g Roč. 11, č. 290 (16.12.2000), s. 1-2
|
| 850 |
|
|
|a Slovenská národná knižnica v Martine
|
| 852 |
|
|
|a SNK
|b KIS3GCP
|
| 958 |
|
|
|a RBX
|
| 999 |
|
|
|c 1445513
|d 1447443
|